Дело по представлению редакции журнала Министерства народного просвещения об отпечатанных экземплярах журнала на 1845 год и упот...

Доступно только в Электронных читальных залах Найти на картеНа карте
RUSMARC
00003667nmc2a22002413x 450
001a5d3d3c0-d3d3-49d6-8ba8-8887f3a9e066
00520260209110511.0
100##$a20250820l18461846k l0rusy0189 ca
1010#$arus
102##$aRU
105##$ay###
1220#$ad
2001#$aДело по представлению редакции журнала Министерства народного просвещения об отпечатанных экземплярах журнала на 1845 год и употребленной на него бумаги
$j5 октября 1846 г.
215##$a9 л.
$d36,5х26 см
251##$cДело
300##$aНа бланке обложки указано: "Отделение четвертое. Стол второй, счетный"
371##$aДокумент не является опубликованным и широко распространяемым
461#0$1001a74412a3-3cc5-4d21-8f0a-dfe2fbd9e72d
$12001
$aДепартамент народного просвещения Министерства народного просвещения (1803-1917)
$1251
$cФонд
$1852
$j733
462#0$1001a6622fb3-31f3-4f49-aac3-243f6793e8d6
$12001
$aДела Департамента народного просвещения за 1818-1862 годы
$1251
$cОпись
$1852
$j113
801#0$aRU
$bРГИА
$c20250820
$gRCR
801#1$aRU
$bГлавНИВЦ
$c20250820
$2rusmarc
801#2$aRU
$bПБ им. Б.Н. Ельцина
$c20260209
$gRCR
$2rusmarc
850##$aРГИА
852##$aРГИА
$eФедеральное казенное учреждение "Российский государственный исторический архив" (РГИА)
$j121
937##$hРГИА
$d12094899
$aASBIBLIO_SCAN
035##$aRusGRCC00089076
856##$uhttp://readingroom.main.prlib.ru/item.aspx?id_node=n200388903&mode=full
Формат отображения